000 00652nam a22001697a 4500
005 20250217161223.0
008 250217b |||||||| |||| 00| 0 eng d
082 _22024
_aUT
100 _a Rodriguez, Kyle Nathaniel A.
_965423
245 _aImplementation of fire safety guidelines:
_bAn evaluation /
_cKyle Nathaniel A. Rodriguez, Jerico, A. Modina, Jr., and Archie Gonzaga
260 _aDigos City :
_bUMDC ;
_c©February 2024.
300 _aviii, 33 pages :
_billustration (some colors) ;
_c30 cm.
500 _aIncludes references and appendices.
700 _a Modina, Jerico, A. Jr.
_965424
700 _aGonzaga, Archie
_965425
942 _2ddc
_cUT
999 _c23477
_d23477